| 000 | 00457cam a22001697a 4500 | ||
|---|---|---|---|
| 001 | 001245 | ||
| 003 | armpunfd | ||
| 005 | 20140612090635.0 | ||
| 008 | 030324e0####xx#a##########000#0#und#d | ||
| 040 |
_aarmpunfd _carmpunfd |
||
| 080 | _a342 ES 88 | ||
| 245 | 1 | 0 | _aEstudios de derecho publico contemporaneo |
| 260 |
_a Exico : Fondo De Cultura Economica _b1972. |
||
| 650 | 7 |
_a Derecho Publico _2LEMB |
|
| 942 |
_cLB _2cdu |
||
| 945 |
_aCatalis _d2010-08-19 |
||
| 999 |
_c1236 _d231740 |
||